Wanted more security: towards a better world

Bibliographic Details
Main Authors: Nečas, Pavel, 1960- (Author), Olejník, František, 1949- (Author)
Format: Book
Language:English
PhysicalDescription:137 s. fotogr. 23 cm
Published: Košice Technical University 2007
ISBN:9788080737627
Edition:1st ed.
Subjects:

MARC

LEADER 00000nam a2200000 a 4500
001 vtls008987734
003 SK-MaSNL
005 20260302075744.0
008 251104s2007 xo o f 000 0 eng
015 |a SNBA2007/08-03502 
020 |a 9788080737627  |q (brož.) 
035 |a E5C47B32-E3E2-4E8F-A07A-AA9F39A56BD2 
035 |a urn:nbn:sk:snk-amkydp 
035 |a urn:nbn:sk:snk-am008q5q 
040 |a SNK  |b slo  |c SNK  |e AACR2 
041 0 |a eng 
072 7 |a 327  |x Medzinárodné vzťahy, svetová politika  |2 konspekt 
080 |a 327.5  |2 2001 
080 |a 355.02  |2 2001 
080 |a 316.4.063.34  |2 2001 
080 |a (048.8)  |2 2001 
100 1 |a Nečas, Pavel,  |d 1960-  |4 aut  |9 189407 
245 1 0 |a Wanted more security: towards a better world  |c Pavel Nečas, František Olejník 
250 |a 1st ed. 
260 |a Košice  |b Technical University  |c 2007 
300 |a 137 s.  |b fotogr.  |c 23 cm 
366 |e 500 výtl. 
500 |a Fotogr. na tit. strane 
504 |a Bibliogr. s. 136-137 
650 0 7 |a medzinárodná bezpečnosť  |2 SNKPH  |9 2672 
650 0 7 |a bezpečnostná politika  |2 SNKPH  |9 1647 
650 0 7 |a medzinárodná spolupráca  |2 SNKPH  |9 4911 
650 0 7 |a International security  |2 SNKPHeng  |9 311361 
650 0 7 |a Security policy  |2 SNKPHeng  |9 268398 
650 0 7 |a International cooperation  |2 SNKPHeng  |9 267173 
655 7 |a monografie  |2 SNKPH  |9 70139 
655 7 |a Monographs  |2 SNKPHeng  |9 120675 
700 1 |a Olejník, František,  |d 1949-  |4 aut  |9 158048 
919 |a 978-80-8073-762-7 
958 |a NB 
958 |a OND 
968 |d 32 
999 |c 1170421  |d 1172351 
952 |a SNK  |b SNK  |y PREZ  |7 0  |p 17A0550005  |o snkSC 127851  |i snk2007/12189  |8 0  |0 0  |1 0  |4 0  |d 2007-05-10  |f 1  |l 0  |r 2025-06-17 00:00:00  |w 2026-02-24 
952 |a SNK  |b SNK  |y VYP  |7 0  |p 17A0550004  |o snkSC 127851 D1  |i snk2007/12190  |8 0  |0 0  |1 0  |4 0  |d 2007-05-10  |l 0  |r 2026-02-24 21:02:05  |w 2026-02-24